生物季節観測 - Statistics

General Stats
  • This quiz has been taken 5 times
  • The average score is 20 of 65
Answer Stats
植物/動物 現象 令和3年
1月1日現在
観測を実施
している種目
Answer % Correct
植物 開花 うめ
100%
植物 開花 さくら
100%
植物 満開 さくら
100%
植物 開花 さざんか
75%
植物 開花 たんぽぽ
75%
動物 初鳴 うぐいす
75%
植物 発芽 いちょう
50%
植物 黄葉 いちょう
50%
植物 落葉 いちょう
50%
植物 紅葉 かえで
50%
植物 落葉 かえで
50%
植物 開花 かき
50%
植物 開花 さるすべり
50%
植物 開花 すいせん
50%
植物 開花 チューリップ
50%
植物 開花 つばき
50%
植物 開花 なし
50%
植物 開花 ひがんばな
50%
植物 開花 もも
50%
植物 開花 りんご
50%
動物 初鳴 あぶらぜみ
50%
動物 初鳴 かっこう
50%
動物 初見 つばめ
50%
動物 初鳴 みんみんぜみ
50%
動物 初見 もんしろちょう
50%
植物 開花 あじさい
25%
植物 発芽 からまつ
25%
植物 開花 くり
25%
植物 発芽 くわ
25%
植物 落葉 くわ
25%
植物 開花 しろつめくさ
25%
植物 開花 すみれ
25%
植物 開花 でいご
25%
植物 開花 てっぽうゆり
25%
植物 開花 ライラック
25%
動物 初見 あきあかね
25%
動物 初鳴 えんまこおろぎ
25%
動物 初鳴 くさぜみ
25%
動物 初鳴 くまぜみ
25%
動物 南下初見 さしば
25%
動物 初見 とのさまがえる
25%
動物 初鳴 にいにいぜみ
25%
動物 初鳴 ひぐらし
25%
動物 初鳴 ひばり
25%
植物 開花 あんず
0%
植物 満開 あんず
0%
植物 開花 ききょう
0%
植物 発芽 しだれやなぎ
0%
植物 発芽 しば
0%
植物 開花 すすき
0%
植物 開花 のだふじ
0%
植物 開花 ひがんざくら
0%
植物 満開 ひがんざくら
0%
植物 開花 やまつつじ
0%
植物 開花 やまはぎ
0%
植物 開花 やまぶき
0%
動物 初見 きあげは
0%
動物 初見 しおからとんぼ
0%
動物 初鳴 つくつくほうし
0%
動物 初見 とかげ
0%
動物 初鳴 にほんあまがえる
0%
動物 初見 にほんあまがえる
0%
動物 初鳴 はるぜみ
0%
動物 初見 ほたる
0%
動物 初鳴 もず
0%
No matching quizzes found
Score Distribution
Percent of People with Each Score
Percentile by Number Answered
Your Score History
You have not taken this quiz